| 000 | 00996nam0a22002531 4500 | ||
|---|---|---|---|
| 001 | rc\510465 | ||
| 005 | 20030616164849.5 | ||
| 035 | _a(NLR Aleph) 005750543 | ||
| 090 |
_a4835013 _c4835013 |
||
| 100 | _a20030616d1987 u |0rusy50 ca | ||
| 101 | 0 | _arus | |
| 102 | _aRU | ||
| 105 | _ay ||||||||| | ||
| 200 | 1 |
_aВеликий Октябрь и современность _eРек. библиогр. указ. _fГос. публ. ист. б-ка РСФСР _g[Сост. Г.Г. Стельмашок и др.] _gПод ред. Л.В. Шишкиной |
|
| 210 |
_aМ. _cКнига _d1987 |
||
| 215 |
_a126 с. _d20 |
||
| 702 | 1 |
_aСтельмашок _bГ. Г. _gГалина Григорьевна _4220 |
|
| 702 | 1 |
_aШишкина _bЛ. В. _gЛидия Всеволодовна _4340 |
|
| 712 | 0 | 2 |
_aПубличная историческая б-ка РСФСР _3RU\NLR\AUTH\888735 |
| 801 | 0 |
_aRU _bNLR _gpsbo |
|
| 801 | 1 |
_aRU _bELAR _2rusmarc |
|
| 852 |
_aNLR _bС _jК-1/3875 |
||
| 942 | _cBOOK | ||
| 980 | _aNB | ||